Chernobyl TV series epilogue Quiz Stats

 Plays Quiz not verified by Sporcle

Support Sporcle.
Go Orange.
Score 0/27 Timer 06:00
0 Plays Today
% Correct
The reactors were retrofitted to prevent an accident like Chernobyl from happening again.
93.3%
to honor their dedication and service to truth and humanity.
93.3%
His suicide made it impossible for them to be ignored.
92.1%
They were wrong. She lives with her son in Kiev.
92.1%
at a nuclear power plant in Kalinin, Russia.
91%
He is permanently entombed under Reactor 4.
91%
It is now known as the Bridge of Death.
89.9%
were sentenced to ten years hard labor.
88.8%
It is dangerously radioactive to this day.
88.8%
Two are still alive today.
87.6%
died from radiation-related illness in 1995. He was 64.
86.5%
and were subject to denunciation, arrest and imprisonment.
84.3%
suffered multiple strokes.
83.1%
It is estimated that at least 100 of them died before the age of 40.
83.1%
% Correct
It is still forbidden to return.
83.1%
four years and four months after he was sent to Chernobyl.
82%
ultimately encompassed 2,600 square kilometers.
82%
was perhaps the true cause of the collapse of the Soviet Union.”
80.9%
who suffered and sacrificed.
80.9%
It is designed to last 100 years.
79.8%
until its dissolution in 1991.
78.7%
The highest increase was among children.
78.7%
exactly two years after the explosion at Chernobyl.
77.5%
Most estimates range from 4,000 to 93,000 deaths.
77.5%
died as a result of their heroic actions.
75.3%
is 31.
74.2%
the Soviet government kept no official records of their fate.
68.5%

You're not logged in!

Compare scores with friends on all Sporcle quizzes.
OR
Log In

From the Vault

International Space Station Countries

by GeoExpert

These countries could throw a pretty cool party in space if they just took the time to plan-et.
Remove Ads.
Support Sporcle.
Get the best of Sporcle when you Go Orange. This ad-free experience offers more features, more stats, and more fun while also helping to support Sporcle. Thank you for becoming a member.

Show Comments

Extras

Top Quizzes Today


Score Distribution

Your Account Isn't Verified!

In order to create a playlist on Sporcle, you need to verify the email address you used during registration. Go to your Sporcle Settings to finish the process.

Report this User

Report this user for behavior that violates our Community Guidelines.

Details: